<?xml version="1.0" encoding="UTF-8"?>
<collection xmlns="http://www.loc.gov/MARC21/slim">
 <record>
  <leader>00956cam a2200217 7i4500</leader>
  <controlfield tag="001">0000034363</controlfield>
  <controlfield tag="005">20040512090000.0</controlfield>
  <datafield tag="020" ind1="#" ind2="0">
   <subfield code="a">1402010788 </subfield>
  </datafield>
  <datafield tag="090" ind1="0" ind2="0">
   <subfield code="a">LB 2341 </subfield>
   <subfield code="b">G721</subfield>
  </datafield>
  <datafield tag="245" ind1="0" ind2="0">
   <subfield code="a">Governing higher education : </subfield>
   <subfield code="b">national perspectives on institutional governance  </subfield>
   <subfield code="c">edited by Alberto Amaral, Glen A. Jones and Berit Karseth.</subfield>
  </datafield>
  <datafield tag="260" ind1="#" ind2="#">
   <subfield code="a">Dordrecht: </subfield>
   <subfield code="b">Kluwer Academic Publishers, </subfield>
   <subfield code="c">2002.</subfield>
  </datafield>
  <datafield tag="300" ind1="#" ind2="#">
   <subfield code="a">298 p.: </subfield>
   <subfield code="b">ill.; </subfield>
   <subfield code="c">25 cm.</subfield>
  </datafield>
  <datafield tag="490" ind1="0" ind2="0">
   <subfield code="a">Higher education dynamics; </subfield>
   <subfield code="v">v.2</subfield>
  </datafield>
  <datafield tag="504" ind1="0" ind2="0">
   <subfield code="a">Includes bibliographical references</subfield>
  </datafield>
  <datafield tag="650" ind1="0" ind2="0">
   <subfield code="a">Education, Higher -- </subfield>
   <subfield code="x">Administration -- </subfield>
   <subfield code="x">Cross-cultural studies -- </subfield>
   <subfield code="x">Congresses </subfield>
  </datafield>
  <datafield tag="650" ind1="0" ind2="0">
   <subfield code="a">Higher education and state -- </subfield>
   <subfield code="x">Cross-cultural studies -- </subfield>
   <subfield code="x">Congresses </subfield>
  </datafield>
  <datafield tag="650" ind1="0" ind2="0">
   <subfield code="a">Education, Higher -- </subfield>
   <subfield code="x">Economic aspects -- </subfield>
   <subfield code="x">Cross-cultural studies -- </subfield>
   <subfield code="x">Congresses </subfield>
  </datafield>
  <datafield tag="700" ind1="1" ind2="1">
   <subfield code="a">Amaral, </subfield>
   <subfield code="h">Alberto </subfield>
  </datafield>
  <datafield tag="700" ind1="1" ind2="1">
   <subfield code="a">Jones, </subfield>
   <subfield code="h">Glen A. </subfield>
  </datafield>
  <datafield tag="700" ind1="1" ind2="1">
   <subfield code="a">Karseth, </subfield>
   <subfield code="h">Berit </subfield>
  </datafield>
  <datafield tag="999" ind1=" " ind2=" ">
   <subfield code="a">1100022126</subfield>
   <subfield code="b">Book</subfield>
   <subfield code="c">Open Shelf</subfield>
   <subfield code="e">KOLEKSI TERBUKA</subfield>
  </datafield>
 </record>
</collection>
